| 000 | 04220cam a22012734i 4500 | ||
|---|---|---|---|
| 003 | PE-LiUPU | ||
| 005 | 20250813185548.0 | ||
| 008 | 150706s2005 ag rb 000 0 spa d | ||
| 020 | _a9508022116 | ||
| 020 | _a9789508022110 | ||
| 035 | _a(Sirsi) i9789508022110 | ||
| 040 |
_aPE-LiUPU _bspa _cPE-LiUPU _dPE-LiUPU _erda |
||
| 049 | _aPRUA | ||
| 082 | 0 | 4 |
_a362.76 _bA _221 |
| 245 | 0 | 0 |
_aAbuso sexual y malos tratos contra niños, niñas y adolescentes : _bperspectiva psicológica y social / _cEditor, Eva Giberti. |
| 264 | 1 |
_aBuenos Aires : _bEspacio Editorial, _c2005. |
|
| 300 |
_a282 páginas ; _c23 centímetros. |
||
| 336 |
_atext _2rdacontent |
||
| 337 |
_aunmediated _2rdamedia |
||
| 338 |
_avolume _2rdacarrier |
||
| 490 | 0 | _aCiencias sociales. Novedades | |
| 504 | _aIncluye Selección bibliográfica. | ||
| 505 | 0 | _aAbuso sexual y malos tratos -- Un espacio de escucha y visibilización -- Evaluación psiquiátrica forense de niños y niñas ante la denuncias de abuso sexual -- Obstáculos institucionales de la investigación en casos de abuso sexual infantil -- Los malos tratos y los abusos sexuales contra los niños, niñas y adolescentes -- El abuso sexual infantil -- Derechos del niño, violencia, institución. Redefinición del contexto -- Las Defensorías Zonales de niños, niñas y adolescentes -- Maltrato físico infantil: qué nos dicen las investigaciones en la Argentina -- El maltrato hacia los niños -- Explotación sexual infanto-Juvenil -- Malos tratos contra las niñas y niños. | |
| 526 | _aP202 | ||
| 526 | _aP201 | ||
| 526 | _aP163 | ||
| 526 | _aP162 | ||
| 526 | _aP161 | ||
| 526 | _aP160 | ||
| 526 | _aP148 | ||
| 526 | _aP147 | ||
| 526 | _aP146 | ||
| 526 | _aP145 | ||
| 526 | _aP144 | ||
| 526 | _aP143 | ||
| 526 | _aP142 | ||
| 526 | _aP141 | ||
| 526 | _aP140 | ||
| 526 | _aP139 | ||
| 526 | _aP138 | ||
| 526 | _aP137 | ||
| 526 | _aP136 | ||
| 526 | _aP135 | ||
| 526 | _aP134 | ||
| 526 | _aP133 | ||
| 526 | _aP129 | ||
| 526 | _aP128 | ||
| 526 | _aP127 | ||
| 526 | _aP120 | ||
| 526 | _aP119 | ||
| 526 | _aP118 | ||
| 526 | _aP116 | ||
| 526 | _aP115 | ||
| 526 | _aP114 | ||
| 526 | _aP110 | ||
| 526 | _aP109 | ||
| 526 | _aP108 | ||
| 526 | _aP104 | ||
| 526 | _aP103 | ||
| 526 | _aP102 | ||
| 526 | _aP99 | ||
| 526 | _aP98 | ||
| 526 | _aP97 | ||
| 526 | _aP96 | ||
| 526 | _aP95 | ||
| 526 | _aP93 | ||
| 526 | _aP90 | ||
| 526 | _aP89 | ||
| 526 | _aP88 | ||
| 526 | _aP83 | ||
| 526 | _aP82 | ||
| 526 | _aP62 | ||
| 526 | _aP59 | ||
| 526 | _aP58 | ||
| 526 | _aP57 | ||
| 526 | _aP51 | ||
| 526 | _aP49 | ||
| 526 | _aP48 | ||
| 526 | _aP47 | ||
| 526 | _aP29 | ||
| 526 | _aP24 | ||
| 526 | _aP20 | ||
| 526 | _aP19 | ||
| 526 | _aP17 | ||
| 526 | _aP15 | ||
| 526 | _aP14 | ||
| 526 | _aP12 | ||
| 526 | _aP10 | ||
| 526 | _aP09 | ||
| 526 | _aP08 | ||
| 526 | _aP07 | ||
| 526 | _aP06 | ||
| 526 | _aP05 | ||
| 526 | _aP04 | ||
| 526 | _aP01 | ||
| 541 | _g001-0030486; | ||
| 541 | _g001-0031615; | ||
| 650 | 1 | 4 |
_aAbuso sexual de niños _xAspectos psicológicos. |
| 650 | 2 | 4 |
_aAdolescentes _xAbuso sexual _vAspectos psicológicos. |
| 700 | 1 |
_aGilberti, Eva, _eeditor. |
|
| 910 |
_agl _bjv _cng _d20090918 |
||
| 942 |
_2ddc _cBOOK |
||
| 949 |
_a362.76 A _wDEWEY _c1 _i61784 _d2016-8-14 _e2016-8-9 _lCCODEBUL1 _mBUL _n2 _p23.00 _r0 _sY _tBOOK _u2015-7-6 _xSALUD _PP33 _0COMPRA _o.STAFF. Colección Ciencias de la Salud |
||
| 949 |
_a362.76 A _wDEWEY _c2 _i60437 _d2016-8-11 _e2016-8-11 _lCCODEBUL1 _mBUL _n1 _p20.00 _r0 _sY _tBOOK _u2015-7-6 _xSALUD _PP33 _0COMPRA _o.STAFF. Colección Ciencias de la Salud |
||
| 994 |
_aC0 _bPEPRU |
||
| 596 | _a1 | ||
| 999 |
_a362.76 A _wDEWEY _c49891 _i61784 _d49891 _e2018-4-25 _f2021-11-3 _g5 _lCCODEBUL1 _mBUL _n5 _p23.00 _q5 _r0 _sY _tBOOK _u2015-7-6 _xSALUD _zP33 _0COMPRA _o.STAFF. Colección Ciencias de la Salud |
||
| 999 |
_a362.76 A _wDEWEY _c2 _i60437 _d2018-10-2 _e2018-10-1 _f2021-11-3 _g5 _lCCODEBUL1 _mBUL _n3 _p20.00 _q2 _r0 _sY _tBOOK _u2015-7-6 _xSALUD _zP33 _0COMPRA _o.STAFF. Colección Ciencias de la Salud |
||
| 980 |
_81 _gALBERTO SANCHEZ Responsable de Automatización |
||